| 000 | 00757nam a22001937a 4500 | ||
|---|---|---|---|
| 999 |
_c61270 _d61270 |
||
| 005 | 20240123114048.0 | ||
| 008 | 240123s2019 enk||||| |||| 00| 0 eng d | ||
| 020 | _a9781789955750x | ||
| 041 | _aeng | ||
| 080 | _a004. 514 R-24 | ||
| 100 |
_aRaschka, Sebastian _912783 |
||
| 245 |
_aPython Machine Learning: _bMachine Learning and Deep Learning with Python, scikit-learn, and TensorFlow 2 / _cSebastian Raschka, Vahid Mirjalili. |
||
| 264 |
_aBirmingham : _bPackt Publishing, _c2019. |
||
| 300 |
_a742 p.: _bill.; _c24 cm. |
||
| 653 | _aმანქანათმცოდნეობა | ||
| 653 | _aკომპიუტერული სწავლება | ||
| 700 |
_aMirjalili, Vahid _eავტორი _921093 |
||
| 942 |
_2udc _cᲬᲘᲒᲜᲘ |
||